Detalles MARC
| 000 -CABECERA |
| campo de control de longitud fija |
01749cam a22004934a 4500 |
| 001 - NÚMERO DE CONTROL |
| campo de control |
14354122 |
| 003 - IDENTIFICADOR DEL NÚMERO DE CONTROL |
| campo de control |
AR-RoIUNI |
| 005 - FECHA Y HORA DE LA ÚLTIMA TRANSACCIÓN |
| campo de control |
20190619145528.0 |
| 008 - DATOS DE LONGITUD FIJA--INFORMACIÓN GENERAL |
| campo de control de longitud fija |
060426s2007 gw a b 001 0 eng c |
| 010 ## - NÚMERO DE CONTROL DE LA BIBLIOTECA DEL CONGRESO |
| Número de control de LC |
2006926503 |
| 016 7# - NÚMERO DE CONTROL DE UNA AGENCIA BIBLIOGRÁFICA NACIONAL |
| Número de control del registro |
979846463 |
| Fuente |
GyFmDB |
| 020 ## - NÚMERO INTERNACIONAL ESTÁNDAR DEL LIBRO |
| Número Internacional Estándar del Libro |
9783540341901 |
| 020 ## - NÚMERO INTERNACIONAL ESTÁNDAR DEL LIBRO |
| Número Internacional Estándar del Libro |
3540341900 (hd.bd.) |
| 035 ## - NÚMERO DE CONTROL DEL SISTEMA |
| Número de control de sistema |
(CStRLIN)MDNM101292940-B |
| 035 ## - NÚMERO DE CONTROL DEL SISTEMA |
| Número de control de sistema |
(DNLM)101292940 |
| 040 ## - FUENTE DE LA CATALOGACIÓN |
| Centro catalogador/agencia de origen |
DNLM |
| Centro/agencia transcriptor |
AR-RoIUNI |
| Centro/agencia modificador |
DLC |
| 041 1# - CÓDIGO DE LENGUA |
| Código de lengua del texto/banda sonora o título independiente |
eng |
| Código de lengua original |
ita |
| 042 ## - CÓDIGO DE AUTENTICACIÓN |
| Código de autenticación |
pcc |
| 060 00 - SIGNATURA TOPOGRÁFICA DE LA NATIONAL LIBRARY OF MEDICINE |
| Número de clasificación |
2006 M-863 |
| 060 10 - SIGNATURA TOPOGRÁFICA DE LA NATIONAL LIBRARY OF MEDICINE |
| Número de clasificación |
WE 17 |
| Número de documento/Ítem |
G175a 2007 |
| 080 ## - NÚMERO DE LA CLASIFICACIÓN DECIMAL UNIVERSAL |
| Número de la Clasificación Decimal Universal |
611.7 GAL |
| 082 00 - NÚMERO DE LA CLASIFICACIÓN DECIMAL DEWEY |
| Número de clasificación |
612.7/5 |
| Número de edición |
22 |
| 100 1# - ENTRADA PRINCIPAL--NOMBRE DE PERSONA |
| Nombre de persona |
Gallucci, Massimo. |
| 245 10 - MENCIÓN DE TÍTULO |
| Título |
Atlante di anatomia radiologica cranio-encefalica |
| Mención de responsabilidad, etc. |
Massimo Gallucci, Silvia Capoccia, Alessia Catalucci. |
| 260 ## - PUBLICACIÓN, DISTRIBUCIÓN, ETC. (PIE DE IMPRENTA) |
| Lugar de publicación, distribución, etc. |
Napoli |
| Nombre del editor, distribuidor, etc. |
Casa Editrice Idelson-Gnocchi |
| Fecha de publicación, distribución, etc. |
c2005 |
| 300 ## - DESCRIPCIÓN FÍSICA |
| Extensión |
x, 362 p. : |
| Otras características físicas |
ill., 794 fig. (some col.) ; |
| Dimensiones |
22 x 31 cm. |
| 650 #0 - PUNTO DE ACCESO ADICIONAL DE MATERIA--TÉRMINO DE MATERIA |
| Término de materia o nombre geográfico como elemento inicial |
Skull |
| Subdivisión general |
Anatomy |
| Subdivisión de forma |
Atlases. |
| 650 #0 - PUNTO DE ACCESO ADICIONAL DE MATERIA--TÉRMINO DE MATERIA |
| Término de materia o nombre geográfico como elemento inicial |
Skull |
| Subdivisión general |
Radiography |
| Subdivisión de forma |
Atlases. |
| 650 #0 - PUNTO DE ACCESO ADICIONAL DE MATERIA--TÉRMINO DE MATERIA |
| Término de materia o nombre geográfico como elemento inicial |
Brain |
| Subdivisión general |
Anatomy |
| Subdivisión de forma |
Atlases. |
| 650 #0 - PUNTO DE ACCESO ADICIONAL DE MATERIA--TÉRMINO DE MATERIA |
| Término de materia o nombre geográfico como elemento inicial |
Brain |
| Subdivisión general |
Radiography |
| Subdivisión de forma |
Atlases. |
| 650 12 - PUNTO DE ACCESO ADICIONAL DE MATERIA--TÉRMINO DE MATERIA |
| Término de materia o nombre geográfico como elemento inicial |
Skull |
| Subdivisión general |
anatomy & histology |
| Subdivisión de forma |
Atlases. |
| 650 12 - PUNTO DE ACCESO ADICIONAL DE MATERIA--TÉRMINO DE MATERIA |
| Término de materia o nombre geográfico como elemento inicial |
Skull |
| Subdivisión general |
radiography |
| Subdivisión de forma |
Atlases. |
| 650 22 - PUNTO DE ACCESO ADICIONAL DE MATERIA--TÉRMINO DE MATERIA |
| Término de materia o nombre geográfico como elemento inicial |
Brain |
| Subdivisión general |
anatomy & histology |
| Subdivisión de forma |
Atlases. |
| 650 22 - PUNTO DE ACCESO ADICIONAL DE MATERIA--TÉRMINO DE MATERIA |
| Término de materia o nombre geográfico como elemento inicial |
Brain |
| Subdivisión general |
radiography |
| Subdivisión de forma |
Atlases. |
| 700 12 - PUNTO DE ACCESO ADICIONAL--NOMBRE DE PERSONA |
| Nombre de persona |
Capoccia, Silvia. |
| 700 12 - PUNTO DE ACCESO ADICIONAL--NOMBRE DE PERSONA |
| Nombre de persona |
Catalucci, Alessia. |
| 856 42 - LOCALIZACIÓN Y ACCESO ELECTRÓNICOS |
| Especificación de materiales |
Publisher description |
| Identificador Uniforme del Recurso |
<a href="http://www.loc.gov/catdir/enhancements/fy0824/2006926503-d.html">http://www.loc.gov/catdir/enhancements/fy0824/2006926503-d.html</a> |
| 856 41 - LOCALIZACIÓN Y ACCESO ELECTRÓNICOS |
| Especificación de materiales |
Table of contents only |
| Identificador Uniforme del Recurso |
<a href="http://www.loc.gov/catdir/enhancements/fy0824/2006926503-t.html">http://www.loc.gov/catdir/enhancements/fy0824/2006926503-t.html</a> |
| 906 ## - ELEMENTOS DE DATOS F LOCAL, LDF (RLIN) |
| a |
7 |
| b |
cbc |
| c |
pccadap |
| d |
2 |
| e |
ncip |
| f |
20 |
| g |
y-gencatlg |
| 942 ## - ELEMENTOS DE PUNTO DE ACCESO ADICIONAL (KOHA) |
| Fuente del sistema de clasificación o colocación |
Clasificación Decimal Universal |
| Tipo de ítem Koha |
Libros |